Random questions -Genshin Impact #1 - Statistics

General Stats
  • This quiz has been taken 149 times
  • The average score is 10 of 10
Answer Stats
Hint Answer % Correct
Total number of playable elements seven
100%
How many chest types five
99%
First playable character you meet amber
98%
NPC who follows the traveller everywhere paimon
98%
Amount of wishes to get a 4* ten
98%
Known for being extremely unlucky bennett
97%
Female traveler's name lumine
97%
The first archon you met venti
97%
Heaviest weapon type claymore
96%
Underwater swimming region fontaine
95%
No matching quizzes found
Score Distribution
Percent of People with Each Score
Percentile by Number Answered
Your Score History
You have not taken this quiz